00820nam a2200193 i 450000100060000000300090000600500170001500700030003200800410003510000380007624501710011426000590028530000260034470000400037071000450041085200320045599900170048795201220050491055ES-MaACL20250806062540.0t|050126s1971 sp ||||1| spa d1 aLeón Pinelo, Antonio de.97163610aAnales de Madrid b: (desde el año 447 al de 1658) / cAntonio de León Pinelo ; transcripción, notas y ordenación cronológica de Pedro Fernández Martín. aMadrid : bInstituto de Estudios Madrileños, c1971. aXI, 384 p. ; c25 cm.1 aFernández Martín, Pedro.9499012 aInstituto de Estudios Madrileños94916 aES-MaACLjC-37748 bR.76784 c91055d91055 00104070aATENEOMbATENEOMcDEPO2d2008-01-17eSCl0oC-37748p1095066r2023-02-23 00:00:00w2023-02-23yMONOGRAFIA